000 01066cam a2200289 a 4500
001 000003972
005 20200929150639.0
008 920124s1993 sp b 001 0 spa
020 _a8427017057
040 _aDO-SdBNP
_cDLC
_dDLC
041 1 7 _aSpa
_bEng
_2Código de idioma MARC
082 _a232.921
_bS763J
100 1 _aSpong, John Shelby.
_d1931-
_911922
240 1 0 _aBorn of a woman.
_lEspañol
245 1 0 _aJesús, hijo de mujer /
_cJohn Shelby Spong; traducción de José M. Pomares; ilustración, Jan Sanders Hemesen.
260 _aBarcelona :
_bMartínez Roa,
_c1993.
_cc1992.
300 _a237 p. ;
_c22 cm.
490 1 _aEnigmas del cristianismo
534 _aTítulo original:
_tBorn of a woman
504 _aIncluye referencias bibliográficas (p. 233-237).
650 4 _aNatividad de jesús
_91400
650 4 _aBiblia. a.t.
_xCrítica e interpretación
_91022
700 1 _aPomares, José M.,
_etr.
_911923
700 1 _aHemesen, Jan Sander ;
_eil.
_911924
830 0 _aEnigmas del cristianismo.
_911925
910 _aCatalogación por copia / LC
999 _c3791
_d3791